[Event "Marrakesh op 1st"]
[Site "Marrakesh"]
[Date "2010.06.28"]
[Round "4"]
[White "Djadi, Fouad"]
[Black "Bentefrit, Samir"]
[Result "1-0"]
[WhiteElo "1742"]
[BlackElo "2199"]
[PlyCount "50"]
[EventDate "2010.06.26"]
[EventType "swiss"]
[EventRounds "9"]
[EventCountry "MAR"]
[SourceTitle "CBM 137 Extra"]
[Source "ChessBase"]
[SourceDate "2010.09.01"]
[SourceVersion "1"]
[SourceVersionDate "2010.09.01"]
[SourceQuality "1"]

1. e4 c5 2. Nc3 g6 3. g3 Bg7 4. Bg2 Nc6 5. f4 d6 6. d3 Nd4 7. Nge2 Bg4 8. 0-0 Qd7 9. f5 gxf5 10. h3 Bxe2 11. Nxe2 fxe4 12. dxe4 h5 13. c3 Nc6 14. Nf4 Nf6 15. Bf3 Ne5 16. Bg2 0-0-0 17. b4 Qb5 18. a4 Qc4 19. Re1 Qxc3 20. Be3 Nc4 21. Bf2 Nxe4 22. Rb1 Ncd2 23. Re3 Qe5 24. Nd5 Bh6 25. Re2 e6 1-0